000 00705nam a2200205Ia 4500
003 GCL
008 140319s9999 xx 000 0 ara d
040 _aGCL /
_cGCL
082 0 4 _a370.193
_bع د
100 1 _aعبدالسميع سيد احمد
245 1 0 _aدرسان فى: علم الاجتماع الالتربوى /
_cعبدالسميع سيد احمد
260 _a[S.N] :
_bدار المعرفة الجامعية ،
_c1993
300 _a271 ص
490 _aالمكتبة التربوية
_v0
650 0 4 _aالتعليم
650 0 4 _aالاجتماع التربوى - علم
650 0 4 _aعلم النفس التربوى
650 0 4 _aالبنية المدرسية
942 _2ddc
_cBK
999 _c54262
_d54262